Manual de historia del derecho español

Uloženo v:
Podrobná bibliografie
Hlavní autor: García-Gallo de Diego, Alfonso (autor)
Médium: Kniha
Jazyk:španělština
Vydáno: Madrid A.G.E.S.A 1967
Vydání:3a. ed
Témata:
Tagy: Přidat tag
Žádné tagy, Buďte první, kdo vytvoří štítek k tomuto záznamu!

MARC

LEADER 00000nam a2200000 a 4500
001 UCY6747
003 CL-VaPUC
008 950602e19670000SP |||||||||||||||||spa|d
082 0 4 |a 340.0946  |b GAR  |2 21 
100 |a García-Gallo de Diego, Alfonso  |e autor  |9 431084 
245 1 0 |a Manual de historia del derecho español 
250 |a 3a. ed 
300 |a 2 v 
942 |c BK 
945 |d 19950602 00:00:00  |a aalvarez 
260 |a Madrid  |b A.G.E.S.A  |c 1967 
500 |a v.1: El origen y la revolución del derecho 
500 |a v.2: Metodología histórico-jurídica. Antología de fuentes del derecho español 
650 0 |a Historia del derecho  |9 255109 
651 0 |a España  |9 254926 
583 |a last modification  |c 19950602 00:00:00  |k Rodrigo Vera 
999 |c 234267  |d 234265 
952 |0 0  |1 0  |2 ddc  |4 0  |6 340_094600000000000_GAR_1967  |7 0  |8 A  |9 240354  |a BIBDER  |b BIBDER  |d 2019-11-18  |h v.1  |i 2001314  |o 340.0946 GAR 1967  |p 2001314  |r 2023-01-25  |w 2019-11-18  |y BK  |k DER 
952 |0 0  |1 0  |4 0  |6 340_094600000000000_GAR_1967  |7 0  |8 DER_HIS  |9 240355  |a BIBDER  |b BIBDER  |d 2019-11-18  |h v.1  |i 2001330  |o 340.0946 GAR 1967  |p 2001330  |r 2019-11-18  |w 2019-11-18  |x Ubicación 4to Piso  |y BK  |z Estos recursos deben solicitarse con anticipación  |k DER 
952 |0 0  |1 0  |4 0  |6 340_094600000000000_GAR_1967  |7 0  |8 DER_HIS  |9 240356  |a BIBDER  |b BIBDER  |d 2019-11-18  |h v.2  |i 2001322  |o 340.0946 GAR 1967  |p 2001322  |r 2019-11-18  |w 2019-11-18  |x Ubicación 4to Piso  |y BK  |z Estos recursos deben solicitarse con anticipación  |k DER